Представление документа в формате MARC21

Поле Инд. ПП Название Значение
Тип записи a
Библиографический уровень m
001 Контрольный номер 004573559
005 Дата корректировки 20150513113609.7
008 Кодируемые данные 100127s2010 y zzzz 000 1 rusdu
020 a ISBN 978-5-9718-0410-9
040 a Служба первич. каталог. НБ ТвГУ
d Организация, изменившая запись RuMo
e Правила каталог. rcr
041 a Код языка текста rus
080 a Индекс УДК 796.015
084 a Индекс другой классификации/Индекс ББК Ч515
090 a Полочн. индекс Ч515
x Авторский знак И 88
100 1_ a Автор Иссурин Владимир Борисович
q Полное имя Иссурин В. Б.
245 00 a Заглавие Блоковая периодизация спортивной тренировки
260 a Место издания Москва
b Издательство Советский спорт
c Дата издания 2010
300 a Объем 282, [1] с.
b Иллюстрации/ тип воспроизводства ил., табл.
c Размеры 24 см
440 _0 a Серия Спорт без границ
504 a Библиография Библиогр. в конце гл.
520 a Аннотация Книга содержит попытку ответить на вопрос: как улучшить подготовку спортсменов для более успешного их выступления на соревнованиях?
В отличие от традиционной периодизации спортивной тренировки автор предлагает альтернативную концепцию – блоковую периодизацию, которая предполагает последовательное воздействие на тщательно отобранные компоненты подготовленности.
К нига предназначена для тренеров, спортсменов, научных работников, а также для студентов физкультурных вузов.
653 a Ключевые слова Блоковая периодизация спортивной тренировки
a Ключевые слова Спортивная тренировка
a Ключевые слова Тренировочный процесс
a Ключевые слова Физическая культура и спорт
856 u URL http://texts.lib.tversu.ru/texts/993701ogl.pdf
901 t Тип документа m
920 a Оператор Стру
940 a физической культуры
d учебно-тренировочные сборы
952 c Вид литературы К рн
954 a Дата поступления на обработку 20120802
990 a Автор заказа (DOS) каф. спортивных дисциплин
b Заказано (DOS) 5